Statistics for Guess the Taylor Swift Song (no hints) 21

Click here to take the quiz!

General Stats

  • This quiz has been taken 127 times
  • The average score is 241 of 321

Answer Stats

Answer% Correct
I
100%
You
100%
you
100%
a
98%
your
98%
the
95%
The
95%
be
94%
and
93%
And
93%
In
93%
in
93%
you're
93%
is
92%
it
92%
me
92%
my
91%
That
90%
that
90%
when
90%
like
86%
to
86%
then
85%
This
85%
this
85%
it's
84%
know
84%
love
84%
don't
83%
not
82%
said
80%
all
79%
are
79%
at
79%
what
79%
If
78%
But
77%
but
77%
here
77%
Come
76%
back,
75%
back
75%
I'd
74%
so
74%
was
74%
can
72%
for
72%
way
72%
How
70%
oh
70%
Oh
70%
oh,
70%
down
68%
wanna
68%
now
67%
One
67%
with
67%
a.m.
66%
can't
66%
New
65%
'Cause
64%
had
64%
just
64%
York,
64%
York
64%
miss
63%
never
63%
feeling
62%
away
59%
4
58%
London
58%
London,
58%
get
57%
than
57%
took
57%
around
56%
day
56%
about
55%
sinks
55%
mind,
54%
today
54%
break
53%
fall
53%
last
53%
would've
51%
fair
50%
guess
50%
kiss,
50%
need
50%
falling
48%
known
48%
Right
48%
told
47%
bring
46%
much
46%
worlds
46%
put
45%
second
44%
simple
44%
wish
44%
cruelest
43%
myself,
43%
Taxi
43%
Without
42%
cabs
41%
help
41%
plane
41%
strange
41%
streets
41%
anything
40%
nonchalant
40%
play
40%
busy
39%
faster
39%
goodbye
39%
attached
38%
flight
38%
knowing
38%
long
38%
through
38%
catch
36%
played
36%
Spinning
36%
beginning
33%
rush
33%
Stumbled
33%
delicate
32%
his
29%
you t
14%

Score Distribution

Percentile by Number Answered

Percent of People with Each Score

Your Score History

You have not taken this quiz